LDR 00994naa#a2200181#i#450# 001 RU\FGKOU VO SPBU MVD ROSSII\bibl\106809 005 20260704174111.6 011 ## _a2227-7226 100 ## _a20260630b2026####ek#y0rusy0150####ca 102 ## _aRU 200 1# _aОбучение иностранных слушателей, имеющих трудности в овладении навыком чтения _eЖурнальная статья 210 1# _aСанкт-Петербург _cСАНКТ-ПЕТЕРБУРГСКИЙ УНИВЕРСИТЕТ МИНИСТЕРСТВА ВНУТРЕННИХ ДЕЛ РОССИЙСКОЙ ФЕДЕРАЦИИ _d2026 215 ## _a5 с. 608 ## _aЖурнальная статья _2local 675 ## _aМетоды обучения. Формы преподавания. 378.147 _aрусскому. 372.881.161.1 _z 700 #1 _aБелоконева _gКсения Алексеевна 700 #1 _aБелоус _gЕлена Сергеевна 856 4# _arussianjournaldeviantbehavior.ru _u